BIBLIOTECA

SENCICO

Diseño estructural en acero : Con énfasis en el Método de Diseño con Factores de Carga y Resistencia. Libro 8 (Registro nro. 980)

Detalles MARC
000 -LEADER
fixed length control field 00852nam a2200265Ia 4500
005 - DATE AND TIME OF LATEST TRANSACTION
control field 20251020182455.0
008 - FIXED-LENGTH DATA ELEMENTS--GENERAL INFORMATION
fixed length control field 200515s9999 xx 000 0 und d
082 ## - DEWEY DECIMAL CLASSIFICATION NUMBER
Classification number 624.014.2/Z42
100 ## - MAIN ENTRY--PERSONAL NAME
Personal name Zapata Baglietto, Luis F.
245 #0 - TITLE STATEMENT
Title Diseño estructural en acero : Con énfasis en el Método de Diseño con Factores de Carga y Resistencia. Libro 8
250 ## - EDITION STATEMENT
Edition statement 1a ed.
260 ## - PUBLICATION, DISTRIBUTION, ETC.
Place of publication, distribution, etc. Lima
260 ## - PUBLICATION, DISTRIBUTION, ETC.
Name of publisher, distributor, etc. Colegio de Ingenieros del Perú
260 ## - PUBLICATION, DISTRIBUTION, ETC.
Date of publication, distribution, etc. 1991
300 ## - PHYSICAL DESCRIPTION
Extent p. irregular
300 ## - PHYSICAL DESCRIPTION
Other physical details tbl., graf.
490 ## - SERIES STATEMENT
Series statement Colección del Ingeniero Civil 1990 - 1991. Libro Nº 8
500 ## - GENERAL NOTE
General note 2 ejemplares
520 ## - SUMMARY, ETC.
Summary, etc. Primer curso de acero y por lo limitado de su extensión no se tratan todos los posibles temas.
650 ## - SUBJECT ADDED ENTRY--TOPICAL TERM
Topical term or geographic name entry element ACERO ESTRUCTURAL
650 ## - SUBJECT ADDED ENTRY--TOPICAL TERM
Topical term or geographic name entry element ESTRUCTURAS DE ACERO
942 ## - ADDED ENTRY ELEMENTS (KOHA)
Koha item type Libros
Existencias
Fecha de la última vez que lo usaron Pago total Signatura topográfica completa Código de barras Precio efectivo desde Tipo de documento Estado perdido Estado dañado No es para préstamo Retirado Ubicación permanente Ubicación actual Fecha de adquisición Número de ejemplar
15/05/2020   624.014.2/Z42 Bib-Lima15050980 15/05/2020 Libros         Biblioteca Central Lima Biblioteca Central Lima 15/05/2020  
15/05/2020   624.014.2/Z42 Bib-Lima16050980 15/05/2020 Libros         Biblioteca Central Lima Biblioteca Central Lima 15/05/2020 Ej.2